[Event "CAN-ch"]
[Site "Richmond CAN"]
[Date "2002.03.22"]
[Round "2.1"]
[White "Reeve, Jeff"]
[Black "Lesiege, Alexandre"]
[Result "1/2-1/2"]
[WhiteElo "2348"]
[BlackElo "2660"]
[WhiteFideId "-1"]
[WhiteFideId "-1"]
[PlyCount "52"]
[GameId "2160767911483541"]
[EventDate "2002.03.21"]
[EventType "swiss"]
[EventRounds "11"]
[EventCountry "CAN"]

1. e4 c5 2. Nf3 d6 3. d4 cxd4 4. Nxd4 Nf6 5. Nc3 a6 6. Bc4 e6 7. Bb3 Nbd7 8. Qe2 Nc5 9. Bg5 Be7 10. f4 h6 11. Bxf6 Bxf6 12. O-O-O Qb6 13. e5 dxe5 14. fxe5 Bg5+ 15. Kb1 Bd7 16. Rhf1 O-O 17. Ne4 Nxe4 18. Qxe4 Rad8 19. c3 Bc6 20. Nxc6 Qxc6 21. Qxc6 bxc6 22. Ba4 Rd5 23. Bxc6 Rxe5 24. Bf3 Rc5 25. h3 a5 26. Rd6 g6 1/2-1/2

[Event "CAN-ch"]
[Site "Richmond CAN"]
[Date "2002.03.23"]
[Round "3.3"]
[White "Lesiege, Alexandre"]
[Black "Glinert, Stephen"]
[Result "1-0"]
[WhiteElo "2660"]
[BlackElo "2391"]
[WhiteFideId "-1"]
[WhiteFideId "-1"]
[PlyCount "99"]
[GameId "2160767911483559"]
[EventDate "2002.03.21"]
[EventType "swiss"]
[EventRounds "11"]
[EventCountry "CAN"]

1. d4 Nf6 2. c4 g6 3. Nc3 d5 4. cxd5 Nxd5 5. e4 Nxc3 6. bxc3 Bg7 7. Be3 O-O 8. Qd2 c5 9. Nf3 Qa5 10. Rc1 cxd4 11. cxd4 Qxd2+ 12. Kxd2 Rd8 13. Bb5 Bg4 14. Rc7 Nc6 15. d5 Rab8 16. Rb1 Bxf3 17. Bxc6 Bxe4 18. Rbxb7 Rxb7 19. Rxb7 Bxg2 20. Ke2 Be5 21. Rxe7 Bxh2 22. f3 Rb8 23. Bh6 Bd6 24. Rxa7 Rb2+ 25. Ke3 Bf1 26. Kd4 f6 27. Ra8+ Kf7 28. Ra7+ Kg8 29. Rg7+ Kh8 30. Rd7 Be5+ 31. Kc5 Rc2+ 32. Kb4 Rb2+ 33. Ka3 Rb8 34. Ka4 Bc4 35. Rb7 Rxb7 36. Bxb7 Bxa2 37. f4 Bb8 38. Kb5 Bb3 39. Kc5 Kg8 40. d6 Kf7 41. Bd5+ Bxd5 42. Kxd5 Ba7 43. Kc6 Ke6 44. f5+ gxf5 45. Bf4 Bb8 46. d7 Bxf4 47. d8=Q Kf7 48. Kd5 Bh6 49. Qd7+ Kg6 50. Ke6 1-0

[Event "CAN-ch"]
[Site "Richmond CAN"]
[Date "2002.03.24"]
[Round "4.1"]
[White "Hebert, Jean"]
[Black "Lesiege, Alexandre"]
[Result "1/2-1/2"]
[WhiteElo "2470"]
[BlackElo "2660"]
[WhiteFideId "-1"]
[WhiteFideId "-1"]
[PlyCount "44"]
[GameId "2160767911483576"]
[EventDate "2002.03.21"]
[EventType "swiss"]
[EventRounds "11"]
[EventCountry "CAN"]

1. Nf3 Nf6 2. c4 c6 3. d4 d5 4. e3 e6 5. Nbd2 Nbd7 6. Bd3 Be7 7. O-O O-O 8. b3 b6 9. Bb2 Bb7 10. Rc1 Rc8 11. Qe2 Re8 12. e4 g6 13. cxd5 exd5 14. Ne5 dxe4 15. Nxe4 Nd5 16. Bc4 f6 17. Nxd7 Qxd7 18. Nc3 Bb4 19. Qf3 Kg7 20. Nxd5 cxd5 21. Bd3 Bd2 22. Rcd1 Bh6 1/2-1/2

[Event "CAN-ch"]
[Site "Richmond CAN"]
[Date "2002.03.24"]
[Round "5"]
[White "Lesiege, Alexandre"]
[Black "Herder, David"]
[Result "1-0"]
[WhiteElo "2572"]
[BlackElo "2251"]
[WhiteFideId "-1"]
[WhiteFideId "-1"]
[PlyCount "75"]
[GameId "2160767911483591"]
[EventDate "2002.03.21"]
[EventType "swiss"]
[EventRounds "11"]
[EventCountry "CAN"]
[SourceTitle "CBM 088"]
[Source "ChessBase"]
[SourceDate "2002.03.21"]
[SourceVersion "1"]
[SourceVersionDate "2002.03.21"]
[SourceQuality "1"]

1. d4 e6 2. c4 b6 3. a3 Bb7 4. Nc3 f5 5. d5 Nf6 6. g3 Bd6 7. Bg2 Na6 8. Nf3 Nc5 9. O-O Nce4 10. Bd2 O-O 11. Ng5 Nxd2 12. Qxd2 h6 13. Nf7 Kxf7 14. dxe6+ dxe6 15. Bxb7 Rb8 16. Bg2 Be5 17. Qc2 Bxc3 18. Qxc3 c5 19. b4 Qc7 20. b5 Rfd8 21. a4 Qd6 22. a5 Qd4 23. Qb3 Ne4 24. axb6 axb6 25. Ra7+ Kf8 26. e3 Qc3 27. Qxc3 Nxc3 28. Bc6 Rd1 29. Ra3 Rxf1+ 30. Kxf1 Nb1 31. Rd3 Ke7 32. Ke2 Rd8 33. Rxd8 Kxd8 34. Kd3 e5 35. Bd5 e4+ 36. Kc2 Ke7 37. Kxb1 g5 38. g4 1-0

[Event "CAN-ch"]
[Site "Richmond CAN"]
[Date "2002.03.26"]
[Round "6.1"]
[White "Spraggett, Kevin"]
[Black "Lesiege, Alexandre"]
[Result "0-1"]
[WhiteElo "2629"]
[BlackElo "2660"]
[WhiteFideId "-1"]
[WhiteFideId "-1"]
[PlyCount "88"]
[GameId "2160767911483612"]
[EventDate "2002.03.21"]
[EventType "swiss"]
[EventRounds "11"]
[EventCountry "CAN"]

1. e4 c5 2. Nf3 d6 3. d4 cxd4 4. Nxd4 Nf6 5. Nc3 a6 6. Be2 e6 7. O-O Be7 8. f4 O-O 9. Be3 Nc6 10. Kh1 Qc7 11. Qe1 Nxd4 12. Bxd4 b5 13. a3 Bb7 14. Qg3 Bc6 15. Rad1 Rad8 16. Bf3 a5 17. Rfe1 b4 18. axb4 axb4 19. Nd5 exd5 20. exd5 Ba8 21. Rxe7 Qxe7 22. Re1 Qxe1+ 23. Qxe1 Nxd5 24. Qg3 f6 25. Be4 Rfe8 26. Bd3 Re7 27. Qh4 h6 28. Qg3 Rde8 29. h3 Kf8 30. f5 Rd8 31. Kg1 Bc6 32. Kf2 Rb7 33. Bc4 Ne7 34. Qd3 Rbb8 35. g4 Be8 36. Qe3 Bf7 37. Bxf6 gxf6 38. Qxh6+ Ke8 39. Bb5+ Rxb5 40. Qxf6 Rc5 41. c3 bxc3 42. bxc3 Nd5 43. Qh8+ Ke7 44. Qh4+ Nf6 0-1

[Event "CAN-ch"]
[Site "Richmond CAN"]
[Date "2002.03.27"]
[Round "7.1"]
[White "Lesiege, Alexandre"]
[Black "Yoos, John"]
[Result "1-0"]
[WhiteElo "2660"]
[BlackElo "2425"]
[WhiteFideId "-1"]
[WhiteFideId "-1"]
[PlyCount "37"]
[GameId "2160767911483628"]
[EventDate "2002.03.21"]
[EventType "swiss"]
[EventRounds "11"]
[EventCountry "CAN"]

1. d4 Nf6 2. c4 e6 3. g3 d5 4. Bg2 Nc6 5. Nf3 dxc4 6. O-O Rb8 7. Nc3 a6 8. e4 b5 9. d5 Nb4 10. b3 cxb3 11. Qxb3 c5 12. dxc6 Nxc6 13. Bf4 Rb7 14. Rfd1 Qa5 15. e5 Nd7 16. Ne4 Be7 17. Rac1 Ndb8 18. Nd4 Bd7 19. Nxc6 1-0

[Event "CAN-ch"]
[Site "Richmond CAN"]
[Date "2002.03.28"]
[Round "8.1"]
[White "Charbonneau, Pascal"]
[Black "Lesiege, Alexandre"]
[Result "1-0"]
[WhiteElo "2428"]
[BlackElo "2660"]
[WhiteFideId "-1"]
[WhiteFideId "-1"]
[PlyCount "97"]
[GameId "2160767911483646"]
[EventDate "2002.03.21"]
[EventType "swiss"]
[EventRounds "11"]
[EventCountry "CAN"]

1. e4 c6 2. d4 d5 3. e5 Bf5 4. Nf3 e6 5. a3 h6 6. Be2 Ne7 7. O-O Nd7 8. Nbd2 Bh7 9. b3 c5 10. dxc5 Nxc5 11. b4 Nd7 12. c4 dxc4 13. Nxc4 Nd5 14. Bb2 Be7 15. Na5 Qb8 16. Bc4 N5b6 17. Bb3 O-O 18. Qe2 Rd8 19. Rad1 Kh8 20. Rfe1 Nf8 21. Nd4 Nd5 22. f4 Nxf4 23. Qf3 N8g6 24. g3 Nh3+ 25. Kg2 Nxe5 26. Qxb7 Bf6 27. Qxb8 Raxb8 28. Kxh3 Nd3 29. Rxd3 Bxd3 30. Nac6 Rbc8 31. Nxd8 Rxd8 32. Rd1 Be4 33. Bc3 Rc8 34. Be1 Rd8 35. Bf2 Bd5 36. Bxd5 Rxd5 37. Rd2 Bg5 38. Rc2 a6 39. Rc5 Rd8 40. Ra5 Rd6 41. Kg2 Kh7 42. Rc5 Bf6 43. Rc6 Rd8 44. Nc2 Rd2 45. a4 e5 46. a5 e4 47. Kf1 Be7 48. b5 axb5 49. a6 1-0

[Event "CAN-ch"]
[Site "Richmond CAN"]
[Date "2002.03.29"]
[Round "9.1"]
[White "Lesiege, Alexandre"]
[Black "Lawson, Eric"]
[Result "1/2-1/2"]
[WhiteElo "2660"]
[BlackElo "2200"]
[WhiteFideId "-1"]
[WhiteFideId "-1"]
[PlyCount "81"]
[GameId "2160767911483665"]
[EventDate "2002.03.21"]
[EventType "swiss"]
[EventRounds "11"]
[EventCountry "CAN"]

1. d4 Nf6 2. c4 e6 3. Nc3 Bb4 4. e3 b6 5. Bd3 Bb7 6. Nf3 Ne4 7. Qc2 f5 8. O-O Bxc3 9. bxc3 O-O 10. Ne1 Nd6 11. f3 Nc6 12. Ba3 Na5 13. Bb4 c5 14. dxc5 bxc5 15. Bxc5 Qc7 16. Bb4 Naxc4 17. Bxc4 Nxc4 18. Bxf8 Nxe3 19. Qd3 Nxf1 20. Bd6 Qc6 21. Nc2 Qb6+ 22. Kxf1 Ba6 23. c4 Bxc4 24. Qxc4 Qxd6 25. h3 Rb8 26. Qd4 Qxd4 27. Nxd4 Rb2 28. Nb3 Kf7 29. Rd1 Rxa2 30. Rxd7+ Kf6 31. Nc5 Rc2 32. Rc7 Kg6 33. Nxe6 Rxc7 34. Nxc7 a5 35. Ke2 a4 36. Kd3 a3 37. Kc2 Kh5 38. Ne6 Kh4 39. Nxg7 Kg3 40. Nxf5+ Kxg2 41. Kb3 1/2-1/2

[Event "CAN-ch"]
[Site "Richmond CAN"]
[Date "2002.03.30"]
[Round "10"]
[White "Cummings, David"]
[Black "Lesiege, Alexandre"]
[Result "1/2-1/2"]
[WhiteElo "2373"]
[BlackElo "2572"]
[WhiteFideId "-1"]
[WhiteFideId "-1"]
[PlyCount "102"]
[GameId "2160767911483679"]
[EventDate "2002.03.21"]
[EventType "swiss"]
[EventRounds "11"]
[EventCountry "CAN"]
[SourceTitle "CBM 088"]
[Source "ChessBase"]
[SourceDate "2002.03.21"]
[SourceVersion "1"]
[SourceVersionDate "2002.03.21"]
[SourceQuality "1"]

1. c4 c6 2. Nf3 d5 3. d4 Nf6 4. e3 e6 5. Nc3 Nbd7 6. Qc2 Bd6 7. Bd3 O-O 8. O-O dxc4 9. Bxc4 a6 10. Rd1 Qc7 11. Ne4 Nxe4 12. Qxe4 c5 13. Bd3 Nf6 14. Qh4 e5 15. dxe5 Bxe5 16. Nxe5 Qxe5 17. Bd2 Qxb2 18. Rac1 h6 19. Bc3 Qb6 20. a4 Re8 21. a5 Qe6 22. Bc4 Qe7 23. Bxf6 Qxf6 24. Qxf6 gxf6 25. Bd5 Re5 26. e4 Be6 27. f4 Rh5 28. Bxb7 Ra7 29. Rb1 Ba2 30. Rb6 c4 31. f5 Kf8 32. Rd7 Rh4 33. Rc7 Rxe4 34. Rxf6 c3 35. Bxe4 Rxc7 36. Bc2 Bc4 37. Rxh6 Ke7 38. g4 Bd5 39. Rxa6 Rc4 40. f6+ Kd7 41. Rb6 Rxg4+ 42. Kf1 Kc7 43. Ke2 Rh4 44. Ke3 Rxh2 45. Kd3 Be4+ 46. Kxe4 Rxc2 47. Kd3 Ra2 48. Ra6 Kb7 49. Rb6+ Kc7 50. Ra6 Kb7 51. Rb6+ Kc7 1/2-1/2

[Event "CAN-ch"]
[Site "Richmond CAN"]
[Date "2002.03.31"]
[Round "11.3"]
[White "Lesiege, Alexandre"]
[Black "Berry, Jonathan"]
[Result "1-0"]
[WhiteElo "2660"]
[BlackElo "2379"]
[WhiteFideId "-1"]
[WhiteFideId "-1"]
[PlyCount "75"]
[GameId "2160767911483703"]
[EventDate "2002.03.21"]
[EventType "swiss"]
[EventRounds "11"]
[EventCountry "CAN"]

1. d4 Nf6 2. c4 e6 3. Nc3 Bb4 4. Nf3 c5 5. g3 O-O 6. Bg2 cxd4 7. Nxd4 d5 8. cxd5 Nxd5 9. Qb3 Nc6 10. Nxc6 bxc6 11. O-O Qa5 12. Bd2 Ba6 13. Nxd5 Bxd2 14. Ne7+ Kh8 15. Nxc6 Qc7 16. Rfd1 Bg5 17. h4 Bf6 18. Rac1 Qb6 19. e4 Bxb2 20. Rb1 Qxb3 21. axb3 Bc3 22. Rbc1 Bb2 23. Rc2 Rac8 24. Rdd2 Ba3 25. e5 Bb7 26. Nxa7 Rxc2 27. Rxc2 Bxg2 28. Kxg2 f6 29. exf6 gxf6 30. Nb5 Bb4 31. Rc4 Bd2 32. Nd4 e5 33. Nf5 Kg8 34. Rc7 Rf7 35. Rc6 h5 36. Rd6 Bc1 37. Rc6 Bd2 38. Nd6 1-0

[Event "Cappelle la Grande op"]
[Site "Cappelle la Grande FRA"]
[Date "2002.02.09"]
[Round "1"]
[White "Vallin, Guillaume"]
[Black "Lesiege, Alexandre"]
[Result "0-1"]
[WhiteElo "2356"]
[BlackElo "2572"]
[WhiteFideId "-1"]
[WhiteFideId "-1"]
[PlyCount "74"]
[GameId "2129405144346982"]
[EventDate "2002.02.09"]
[EventType "swiss"]
[EventRounds "9"]
[EventCountry "FRA"]
[SourceTitle "The Week in Chess 379"]
[Source "Mark Crowther"]
[SourceDate "2002.02.11"]
[SourceVersion "1"]
[SourceVersionDate "2002.02.11"]
[SourceQuality "2"]

1. d4 d5 2. c4 dxc4 3. Nf3 Nf6 4. e3 e6 5. Bxc4 c5 6. O-O a6 7. a4 Nc6 8. Qe2 Qc7 9. Nc3 Be7 10. dxc5 Bxc5 11. e4 Ng4 12. g3 O-O 13. Kg2 Bd7 14. Bf4 Bd6 15. Bxd6 Qxd6 16. Rfd1 Qc7 17. Rac1 Rfd8 18. Ba2 Be8 19. Ng5 Nf6 20. f4 Rxd1 21. Rxd1 Nb4 22. Qc4 Qxc4 23. Bxc4 h6 24. Nf3 Ng4 25. Re1 Rc8 26. Bf1 Nc2 27. Rb1 Nce3+ 28. Kg1 Nxf1 29. Kxf1 Rc4 30. a5 Bc6 31. h3 Nf6 32. Ne5 Rb4 33. Nd3 Rd4 34. Nc5 Rc4 35. Nb3 Nxe4 36. Nxe4 Bxe4 37. Rc1 Bd5 0-1

[Event "Cappelle la Grande op"]
[Site "Cappelle la Grande FRA"]
[Date "2002.02.12"]
[Round "4"]
[White "Lesiege, Alexandre"]
[Black "Bouhallel, Rabah"]
[Result "1-0"]
[WhiteElo "2572"]
[BlackElo "2359"]
[WhiteFideId "-1"]
[WhiteFideId "-1"]
[PlyCount "57"]
[GameId "2129405144355276"]
[EventDate "2002.02.09"]
[EventType "swiss"]
[EventRounds "9"]
[EventCountry "FRA"]
[SourceTitle "The Week in Chess 380"]
[Source "Mark Crowther"]
[SourceDate "2002.02.18"]
[SourceVersion "1"]
[SourceVersionDate "2002.02.18"]
[SourceQuality "2"]

1. d4 e6 2. c4 Nf6 3. Nc3 Bb4 4. e3 b6 5. Bd3 Bb7 6. Nf3 O-O 7. O-O d5 8. cxd5 exd5 9. a3 Bd6 10. b4 a5 11. b5 Nbd7 12. a4 Re8 13. Qb3 Nf8 14. Ba3 Ng6 15. Rac1 Ne4 16. Rc2 Re7 17. Rfc1 Qd7 18. Bf1 Rd8 19. g3 Qf5 20. Bg2 h5 21. h4 Nf6 22. Bxd6 Rxd6 23. Ng5 Qd7 24. Ne2 Qd8 25. Rc3 Ne8 26. Bf3 Nf6 27. Qc2 Rdd7 28. Bg2 Ne8 29. Nf4 1-0

[Event "Cappelle la Grande op"]
[Site "Cappelle la Grande FRA"]
[Date "2002.02.13"]
[Round "5"]
[White "Klovans, Janis"]
[Black "Lesiege, Alexandre"]
[Result "1/2-1/2"]
[WhiteElo "2440"]
[BlackElo "2572"]
[WhiteFideId "-1"]
[WhiteFideId "-1"]
[PlyCount "86"]
[GameId "2129405144355311"]
[EventDate "2002.02.09"]
[EventType "swiss"]
[EventRounds "9"]
[EventCountry "FRA"]
[SourceTitle "The Week in Chess 380"]
[Source "Mark Crowther"]
[SourceDate "2002.02.18"]
[SourceVersion "1"]
[SourceVersionDate "2002.02.18"]
[SourceQuality "2"]

1. e4 c5 2. Nf3 d6 3. d4 cxd4 4. Nxd4 Nf6 5. Nc3 a6 6. Be2 e6 7. O-O Be7 8. f4 O-O 9. Kh1 Qc7 10. a4 Nc6 11. Be3 Re8 12. Nb3 b6 13. Qe1 Bb7 14. Qf2 Nd7 15. Rad1 Nb4 16. Bg4 Nc5 17. f5 Bf6 18. fxe6 fxe6 19. Bd4 Nd7 20. Qg3 Kh8 21. Qh3 Nxc2 22. Bxe6 Nxd4 23. Nxd4 Nc5 24. Bf5 h6 25. Qg4 Kg8 26. Qg6 Qf7 27. b4 Qxg6 28. Bxg6 Nxe4 29. Nxe4 Bxe4 30. Bxe8 Rxe8 31. Nf5 Bxf5 32. Rxf5 Re4 33. Rb1 Bc3 34. a5 b5 35. g3 Bxb4 36. Rbf1 Bxa5 37. Rf8+ Kh7 38. Ra8 Bc3 39. Rxa6 Be5 40. Rb6 Rb4 41. Rd1 Rb2 42. Rd5 b4 43. Rdb5 Bc3 1/2-1/2

[Event "Cappelle la Grande op"]
[Site "Cappelle la Grande FRA"]
[Date "2002.02.15"]
[Round "7"]
[White "Marcelin, Cyril"]
[Black "Lesiege, Alexandre"]
[Result "0-1"]
[WhiteElo "2455"]
[BlackElo "2572"]
[WhiteFideId "-1"]
[WhiteFideId "-1"]
[PlyCount "82"]
[GameId "2129405144355408"]
[EventDate "2002.02.09"]
[EventType "swiss"]
[EventRounds "9"]
[EventCountry "FRA"]
[SourceTitle "The Week in Chess 380"]
[Source "Mark Crowther"]
[SourceDate "2002.02.18"]
[SourceVersion "1"]
[SourceVersionDate "2002.02.18"]
[SourceQuality "2"]

1. d4 Nf6 2. c4 e6 3. Nc3 Bb4 4. e3 O-O 5. Nge2 d5 6. a3 Be7 7. cxd5 exd5 8. g3 c6 9. Bg2 Re8 10. O-O Nbd7 11. Kh1 Nb6 12. Qd3 Bf8 13. f3 c5 14. b3 Bd7 15. Nf4 Rc8 16. dxc5 Bxc5 17. b4 Bd6 18. Ra2 a6 19. Rd1 Qc7 20. Bd2 d4 21. exd4 Bxf4 22. gxf4 Nh5 23. f5 Nc4 24. Nd5 Qd6 25. f4 b5 26. Qf3 Bc6 27. Bc1 g6 28. fxg6 hxg6 29. f5 Nb6 30. fxg6 fxg6 31. Bf4 Qxd5 32. Qg4 Qf5 33. Qxf5 gxf5 34. d5 Bxd5 35. Bxd5+ Nxd5 36. Rg2+ Kh8 37. Bd2 f4 38. Rg5 Nhf6 39. Rdg1 Rg8 40. h4 Rxg5 41. hxg5 Ne4 0-1

[Event "Bermuda op"]
[Site "Bermuda"]
[Date "2002.02.01"]
[Round "1"]
[White "Lesiege, Alexandre"]
[Black "Sharp, Dale Eugene"]
[Result "1/2-1/2"]
[WhiteElo "2572"]
[BlackElo "2062"]
[WhiteFideId "-1"]
[WhiteFideId "-1"]
[PlyCount "53"]
[GameId "1166644177063936"]
[EventDate "2002.02.01"]
[EventType "swiss"]
[EventRounds "5"]
[EventCountry "BER"]
[SourceTitle "CBM 086 Extra"]
[Source "ChessBase"]
[SourceDate "2002.03.14"]
[SourceVersion "1"]
[SourceVersionDate "2002.03.14"]
[SourceQuality "1"]

1. d4 Nf6 2. c4 e6 3. Nc3 Bb4 4. e3 c5 5. Nge2 O-O 6. a3 Bxc3+ 7. Nxc3 d5 8. dxc5 dxc4 9. Bxc4 Qc7 10. Qd6 Qxd6 11. cxd6 Rd8 12. Bd2 Nc6 13. O-O-O Rxd6 14. Kb1 e5 15. f3 Be6 16. Bxe6 Rxe6 17. e4 Rd8 18. Bg5 Red6 19. Nd5 Kf8 20. Rc1 R8d7 21. Ne3 Ne8 22. Bh4 f6 23. Be1 Nc7 24. Nc4 Rd4 25. Na5 Nxa5 26. Bxa5 Ne6 27. Rhf1 1/2-1/2

[Event "Bermuda op"]
[Site "Bermuda BER"]
[Date "2002.02.02"]
[Round "3"]
[White "Faulks, Nick"]
[Black "Lesiege, Alexandre"]
[Result "0-1"]
[WhiteElo "2056"]
[BlackElo "2572"]
[WhiteFideId "-1"]
[WhiteFideId "-1"]
[PlyCount "78"]
[GameId "2129405144415642"]
[EventDate "2002.02.01"]
[EventType "swiss"]
[EventRounds "5"]
[EventCountry "BER"]
[SourceTitle "The Week in Chess 379"]
[Source "Mark Crowther"]
[SourceDate "2002.02.11"]
[SourceVersion "1"]
[SourceVersionDate "2002.02.11"]
[SourceQuality "2"]

1. e4 c5 2. Nf3 d6 3. d4 cxd4 4. Nxd4 Nf6 5. Nc3 a6 6. Bg5 e6 7. f4 Qb6 8. Qd2 Qxb2 9. Nb3 Nbd7 10. Bxf6 gxf6 11. Be2 Nc5 12. O-O Bd7 13. f5 Rc8 14. fxe6 fxe6 15. Bh5+ Kd8 16. Nd4 Qb4 17. Rab1 Qa5 18. Rf3 Na4 19. Qf4 Qe5 20. Qxe5 dxe5 21. Nxe6+ Bxe6 22. Rd3+ Kc7 23. Nxa4 b5 24. Rc3+ Kb8 25. Rxc8+ Kxc8 26. Nb6+ Kb7 27. Nd5 Ka7 28. Bf3 Bh6 29. a4 bxa4 30. Ra1 Bd7 31. Nxf6 Bb5 32. Ng4 Bd2 33. c4 Bc3 34. Rc1 Bd4+ 35. Kf1 Rc8 36. Be2 a3 37. Rc2 Ba4 38. Ra2 Rf8+ 39. Ke1 Bc3+ 0-1

[Event "Bermuda op"]
[Site "Bermuda BER"]
[Date "2002.02.03"]
[Round "4"]
[White "Lesiege, Alexandre"]
[Black "Belorusov, Mikhail"]
[Result "0-1"]
[WhiteElo "2572"]
[BlackElo "2299"]
[WhiteFideId "-1"]
[WhiteFideId "-1"]
[PlyCount "80"]
[GameId "2129405144415679"]
[EventDate "2002.02.01"]
[EventType "swiss"]
[EventRounds "5"]
[EventCountry "BER"]
[SourceTitle "The Week in Chess 379"]
[Source "Mark Crowther"]
[SourceDate "2002.02.11"]
[SourceVersion "1"]
[SourceVersionDate "2002.02.11"]
[SourceQuality "2"]

1. d4 d5 2. c4 e6 3. Nc3 f5 4. Bf4 Nf6 5. e3 c6 6. Bd3 Bd6 7. Nge2 Qe7 8. O-O O-O 9. Rc1 Kh8 10. Qc2 Nh5 11. Bxd6 Qxd6 12. f3 g6 13. e4 dxc4 14. Bxc4 e5 15. Rfd1 Ng7 16. Kh1 exd4 17. Rxd4 Qe7 18. Bb3 Na6 19. Qd2 Nc5 20. Bc2 fxe4 21. Nxe4 Nxe4 22. Bxe4 Be6 23. Rd1 Nh5 24. Rd6 Nf6 25. Nc3 Bd5 26. Rxf6 Qxf6 27. Bxd5 cxd5 28. Nxd5 Qg7 29. Nc3 h6 30. h3 Kh7 31. Re1 Rfe8 32. Ne4 Re7 33. Qf2 b6 34. Rd1 Rf8 35. Qd4 Qxd4 36. Rxd4 Rc8 37. Rd2 Kg7 38. Kg1 Rec7 39. Kf1 Rc1+ 40. Ke2 R8c2 0-1

[Event "Bermuda-A"]
[Site "Bermuda"]
[Date "2002.01.23"]
[Round "3"]
[White "Vescovi, Giovanni P"]
[Black "Lesiege, Alexandre"]
[Result "1-0"]
[WhiteElo "2590"]
[BlackElo "2572"]
[WhiteFideId "-1"]
[WhiteFideId "-1"]
[PlyCount "101"]
[GameId "1165542884970496"]
[EventDate "2002.01.21"]
[EventType "tourn"]
[EventRounds "9"]
[EventCountry "BER"]
[EventCategory "10"]
[SourceTitle "CBM 088"]
[Source "ChessBase"]
[SourceDate "2002.03.21"]
[SourceVersion "1"]
[SourceVersionDate "2002.03.21"]
[SourceQuality "1"]

1. e4 c5 2. Nf3 d6 3. Bb5+ Bd7 4. Bxd7+ Qxd7 5. c4 Nc6 6. Nc3 g6 7. d4 Bg7 8. d5 Bxc3+ 9. bxc3 Na5 10. Nd2 e5 11. O-O Nf6 12. f4 exf4 13. Rxf4 Nh5 14. Rf2 O-O-O 15. Qf1 f6 16. Nb3 Nxb3 17. axb3 a6 18. b4 Rhe8 19. b5 a5 20. Rxa5 Qg4 21. Bf4 Rxe4 22. Ra8+ Kd7 23. Rxd8+ Kxd8 24. Bxd6 Qg5 25. Re2 Qg4 26. Rxe4 Qxe4 27. Bxc5 Nf4 28. Kh1 f5 29. Bd4 Kd7 30. Qf3 Qe1+ 31. Bg1 Ne2 32. Qf2 Qd1 33. Qa7 f4 34. Qxb7+ Ke8 35. Qa8+ Kf7 36. Qa7+ Kg8 37. d6 f3 38. d7 fxg2+ 39. Kxg2 Nf4+ 40. Kg3 Nh5+ 41. Kf2 Qd2+ 42. Kf3 Qd1+ 43. Ke4 Nf6+ 44. Ke5 Nxd7+ 45. Ke6 Nf8+ 46. Ke7 Qe2+ 47. Kd6 Qxc4 48. Qc5 Qe6+ 49. Kc7 Qf7+ 50. Kc6 Qd7+ 51. Kb6 1-0

[Event "GMA"]
[Site "Bermuda BER"]
[Date "2002.01.22"]
[Round "2"]
[White "Lesiege, Alexandre"]
[Black "Krush, Irina"]
[Result "1/2-1/2"]
[WhiteElo "2572"]
[BlackElo "2424"]
[WhiteFideId "-1"]
[WhiteFideId "-1"]
[PlyCount "116"]
[GameId "2129405144546090"]
[EventDate "2002.01.21"]
[EventType "tourn"]
[EventRounds "9"]
[EventCountry "BER"]
[EventCategory "10"]
[SourceTitle "The Week in Chess 377"]
[Source "Mark Crowther"]
[SourceDate "2002.01.28"]
[SourceVersion "1"]
[SourceVersionDate "2002.01.28"]
[SourceQuality "2"]

1. d4 d5 2. c4 dxc4 3. e3 Nf6 4. Bxc4 e6 5. Nf3 c5 6. Qe2 a6 7. dxc5 Bxc5 8. O-O Nc6 9. e4 b5 10. Bb3 Nd4 11. Nxd4 Qxd4 12. Be3 Qxe4 13. Nd2 Qf5 14. g4 Nxg4 15. Bxc5 Bb7 16. Rfe1 Rd8 17. Nf1 Qxc5 18. Qxg4 Qc6 19. f3 Qxf3 20. Qxf3 Bxf3 21. a4 O-O 22. axb5 axb5 23. Re5 b4 24. Rb5 Rb8 25. Rxb8 Rxb8 26. Nd2 Bc6 27. Kf2 g5 28. Ra7 Rb5 29. Rc7 Rf5+ 30. Ke3 Bh1 31. Rc1 Bb7 32. Rc7 Bh1 33. Rc4 Re5+ 34. Kf2 Rb5 35. Ba4 Rb6 36. Rc7 Bd5 37. Nf3 f6 38. Nd4 Rd6 39. Ke3 h5 40. Bc6 Bxc6 41. Rxc6 Rxc6 42. Nxc6 Kf7 43. Nxb4 e5 44. Nd3 g4 45. b4 Ke6 46. Nc5+ Ke7 47. b5 f5 48. b6 f4+ 49. Ke4 Kd6 50. b7 Kc7 51. Nd7 Kxb7 52. Nxe5 f3 53. Ke3 Kc7 54. Ng6 Kd6 55. Nf4 h4 56. Ng6 Ke6 57. Nxh4 Kf6 58. Kf2 Kg5 1/2-1/2

[Event "GMA"]
[Site "Bermuda BER"]
[Date "2002.01.24"]
[Round "4"]
[White "Lesiege, Alexandre"]
[Black "Johannessen, Leif Erlend"]
[Result "0-1"]
[WhiteElo "2572"]
[BlackElo "2427"]
[WhiteFideId "-1"]
[WhiteFideId "-1"]
[PlyCount "74"]
[GameId "2129405144546099"]
[EventDate "2002.01.21"]
[EventType "tourn"]
[EventRounds "9"]
[EventCountry "BER"]
[EventCategory "10"]
[SourceTitle "The Week in Chess 377"]
[Source "Mark Crowther"]
[SourceDate "2002.01.28"]
[SourceVersion "1"]
[SourceVersionDate "2002.01.28"]
[SourceQuality "2"]

1. d4 e6 2. c4 Nf6 3. Nc3 Bb4 4. e3 O-O 5. Bd3 d5 6. Nf3 c5 7. O-O cxd4 8. exd4 dxc4 9. Bxc4 a6 10. a4 Nc6 11. Bg5 h6 12. Bh4 Be7 13. Re1 Nh5 14. Bg3 Nxg3 15. hxg3 Bf6 16. d5 exd5 17. Nxd5 Be6 18. Nxf6+ Qxf6 19. Bxe6 fxe6 20. Qe2 e5 21. Ra3 Rad8 22. Rc3 Rd7 23. Qe3 Rd4 24. b3 Rb4 25. Nd2 Kh8 26. f3 Rd4 27. Ne4 Qf7 28. g4 Rfd8 29. Nc5 a5 30. Nd3 Re8 31. Nf2 Nb4 32. Rc5 Nd5 33. Qc1 b6 34. Rc8 Qe6 35. Rc6 Qd7 36. Ne4 Nf4 37. Qc2 Nd3 0-1

[Event "GMA"]
[Site "Bermuda BER"]
[Date "2002.01.25"]
[Round "5"]
[White "Socko, Bartosz"]
[Black "Lesiege, Alexandre"]
[Result "0-1"]
[WhiteElo "2585"]
[BlackElo "2572"]
[WhiteFideId "-1"]
[WhiteFideId "-1"]
[PlyCount "110"]
[GameId "2129405144546106"]
[EventDate "2002.01.21"]
[EventType "tourn"]
[EventRounds "9"]
[EventCountry "BER"]
[EventCategory "10"]
[SourceTitle "The Week in Chess 377"]
[Source "Mark Crowther"]
[SourceDate "2002.01.28"]
[SourceVersion "1"]
[SourceVersionDate "2002.01.28"]
[SourceQuality "2"]

1. e4 c5 2. Nf3 d6 3. d4 cxd4 4. Nxd4 Nf6 5. Nc3 a6 6. f3 e6 7. Be3 b5 8. g4 h6 9. Qd2 Nbd7 10. O-O-O Bb7 11. h4 b4 12. Na4 Qa5 13. b3 Nc5 14. a3 Nxa4 15. axb4 Qc7 16. bxa4 d5 17. e5 Nd7 18. f4 Nb6 19. Rh3 Nxa4 20. Bf2 Rc8 21. Be1 Rb8 22. f5 Bc8 23. Rb3 Nb6 24. Rc3 Qb7 25. fxe6 Bxb4 26. Rxc8+ Nxc8 27. Qxb4 Qxb4 28. Bxb4 Rxb4 29. Bxa6 Na7 30. c3 Rb6 31. exf7+ Kxf7 32. Rf1+ Ke7 33. Bd3 Nc6 34. Nf5+ Kd8 35. e6 Ne5 36. Bc2 Rxe6 37. Nxg7 Rc6 38. Rd1 Nxg4 39. Rxd5+ Kc7 40. Rd3 Rg8 41. Nf5 Ne5 42. Rd1 Rg2 43. Ne3 Rh2 44. Nd5+ Kb8 45. Re1 Nc4 46. Ba4 Rd6 47. Re8+ Kb7 48. Re7+ Ka6 49. Bc6 Na5 50. Nb4+ Kb6 51. Bd5 Rg6 52. Re1 Rg3 53. Nc2 Rxc3 54. Re6+ Kc7 55. Be4 Re2 0-1